000
00302nam a22001217a 4500
008
160430b xxu||||| |||| 00| 0 eng d
020
_a
9780534578008
020
_a
0533778004
041
_a
eng
080
_a
612.39
245
_a
Nutrition concepts and controveries:
_c
Jana Kicklighter;
942
_2
udc
_c
BK
999
_c
1716
_d
1716